Statistics for Geo-graphy!

Click here to take the quiz!

General Stats

  • This quiz has been taken 63 times
  • The average score is 12 of 15

Answer Stats

HintAnswer% Correct
_ _ _ _ _ _ _
(US State/Asian Country)
Georgia
93%
_ _ _ _ _ _ _
(European Country)
Germany
93%
_ _ _ _ _ _ _ Gate Bridge
(Landmark - USA)
Golden
91%
_ _ _ _ _ _ Tower
(Landmark - France)
Eiffel
89%
Mount _ _ _ _ _ _ _
(Highest mountain in the world)
Everest
89%
_ _ _ _ _ _ _
(South American Country)
Ecuador
86%
_ _ _ _ _ _ _
(European Country)
Estonia
86%
_ _ _ _ _ _ River
(River in India)
Ganges
86%
_ _ _ _
(Asian Country)
Oman
86%
_ _ _ _ _ _
(Capital of Canada)
Ottawa
86%
Lake _ _ _ _
(Great Lake)
Erie
82%
Lake _ _ _ _ _ _ _
(Great Lake)
Ontario
81%
_ _ _ _ _ _
(US State)
Oregon
75%
_ _ _ _ _ _ _ _
(Capital of Botswana)
Gaborone
54%
_ _-Irtysh River
(River in Russia)
Ob
49%

Score Distribution

Percentile by Number Answered

Percent of People with Each Score

Your Score History

You have not taken this quiz